00870nam a22002537a 45000010005000000030006000050050017000110080041000280200018000690400029000870500018001160820011001341000017001452450046001622600044002083000050002524900040003025050008003425200138003505210030004885210020005186500033005386500045005717487FISKH20250721161325.0250721b cb ||||| |||| 00| 0 eng d a9780531187913 aFISKHbengcFISKHdFISKH aQK495.R78 W64 a634.25 aWeiss, Ellen aFrom pit to peach tree / cBy Ellen Weiss aNew York : bChildren's Press . c2008. a24 pages : bcolor illustrations ; c21 cm .  aScholastic News Nonfiction Readers  aD  aFollows the lifecycle of a peach from pit to ripe fruit, and includes a word hunt, definitions, and a look at other fruits with pits.8 a160 bLexile estimate 8 aD bRaz-Plus  aPeach vJuvenile Literature  aPeach-Life cycles vJuvenile Literature